01323nam a2200337Ia 4500001001200000003000800012006001900020007001500039008004100054010001700095020002800112020001800140040002100158035002100179050002500200082002000225100002200245245011000267260005600377300002500433490006400458504004100522533015200563650001300715650002700728655002900755710001700784830004100801856012600842999001700968ebr10251370CaPaEBRm u cr cn|||||||||070216s2007 ilua sb 000 0 eng d z 2007061352 z1567939562 (alk. paper) z9781567939569 aCaPaEBRcCaPaEBR a(OCoLC)61453075914aRA410.5b.S87 2007eb04a338.4/336212221 aSussman, Jason H.14aThe healthcare executive's guide to allocating scarce capitalh[electronic resource] /cJason H. Sussman. aChicago, IL :bHealth Administration Press,cc2007. axvii, 146 p. :bill.1 aAmerican College of Healthcare Executives management series aIncludes bibliographical references. aElectronic reproduction.bPalo Alto, Calif. :cebrary,d2009.nAvailable via World Wide Web.nAccess may be limited to ebrary affiliated libraries. 0aCapital. 0aMedical carexFinance. 7aElectronic books.2local2 aebrary, Inc. 0aManagement series (Ann Arbor, Mich.)40uhttp://site.ebrary.com/lib/rucke/Doc?id=10251370zAn electronic book accessible through the World Wide Web; click to view c35820d35820